00674 a2200169 45000010006000000050017000060080041000230030015000640400040000790800022001192450065001412500011002062640037002173000019002545050211002731000020004842897620260407155558.0260407a1964 arg spa dAR-UNSa-BCEJYS aAR-UNSa-BCEJYSbspacAR-UNSa-BCEJYS a657xContabilidad10aTransmisión de establecimientos comerciales e industriales a3a. ed 1aBuenos Aires :bPlus Ultrac1964 a316 p.c23 cm. aParte I: Comentarios a la ley 11.867 - Parte II: Conferencias del autor sobre la ley 11.867: la "conferencia nacional de Rosario" - Parte III: Texto comparado de la ley 11.867 y del anteproyecto del autor 1 aScolini, Miguel